Zaznacz polskie atrakcje turystyczne - Statystyki

Ogólne statystyki
  • Ten quiz został rozwiązany 62 razy
  • Średni wynik to 6 z 9
Answers on the Grid
Answers color-coded by a green-red scale on the quiz's grid according to % correct below.
 
Statystyki odpowiedzi
Odpowiedź % Poprawnych
Pałac Kultury i Nauki, Warszawa (Polska)
95%
Koziołki, Poznań (Polska)
86%
Wawel, Kraków (Polska)
81%
Krasnal Wentyl, Wrocław (Polska)
76%
Deptak Piotrkowska, Łódź (Polska)
76%
Karkonosze (Polska)
68%
Port Północny, Gdańsk (Polska)
59%
Pałac na Wilanowie, Warszawa (Polska)
46%
Łódzki Dom Kultury, Łódź (Polska)
41%
Nie znaleziono quizów pasujących do podanych kryteriów
Rozkład punktacji
Procent ludzi z każdym wynikiem
Percentyl według liczby udzielonych odpowiedzi
Twoja historia wyników
Nie rozwiązałeś tego quizu